=LDR 00000nam 2200000 4500 =001 INLIS000000000035737 =005 20130612141555 =008 ***********************************Ind** =035 ##$$0010-061300000035737 =041 ##$$a Ind =082 ##$$a 340 =090 ##$$a 340, ar r =100 ##$$a Narang, Agustin Teras =245 ##$$a Reformasi Hukum, Pertangung Jawaban Seorang Wakil Rakyat, Agustin Teras Narang, SH =260 ##$$a 2003 $b Jakarta =300 ##$$a xiv, 269 hlm, 21 cm =650 ##$$a Hukum =850 ##$$a NBPNMAT